[Event "AUTO-MASTER-3257"]
[Site "http://www.queenalice.com/game.php?id=1854014"]
[Date "2025.3.16"]
[Round "1"]
[White "Fauquinelle"]
[Black "pizzaiolo72"]
[Result "1-0"]
[WhiteElo "1941"]
[BlackElo "2029"]

1. d4 Nf6 2. c4 g6 3. g3 Bg7 4. Bg2 O-O 5. Nf3 c5 6. d5 b5 7. Qb3 bxc4 8. Qxc4
d6 9. Nc3 Ba6 10. Qb3 Qb6 11. Qd1 Nbd7 12. Rb1 Ne5 13. O-O Nxf3+ 14. Bxf3 Nd7
15. Bd2 Ne5 16. Bg2 Nc4 17. Na4 Qc7 18. Bc3 Rab8 19. Bxg7 Kxg7 20. b3 Nb6 21.
Nc3 Qd7 22. Re1 Bb7 23. e4 e6 24. a4 exd5 25. exd5 Rfe8 26. Qd3 Qg4 27. Nb5
Rxe1+ 28. Rxe1 c4 29. Qc3+ Kg8 30. h3 Qd7 31. Qf6 Nxd5 32. Bxd5 Bxd5 33. bxc4
Be6 34. Qd4 Bxh3 35. Nxd6 Qxa4 36. Nb5 Be6 37. Nd6 Rd8 38. Qf4 Qc6 39. Rxe6 Rxd6
40. Rxd6 1-0

[Event "AUTO-MASTER-3257"]
[Site "http://www.queenalice.com/game.php?id=1854029"]
[Date "2025.3.16"]
[Round "1"]
[White "JailtonMaster"]
[Black "Fauquinelle"]
[Result "1-0"]
[WhiteElo "2108"]
[BlackElo "2005"]

1. e4 e5 2. Nf3 Nc6 3. Bb5 a6 4. Ba4 Nf6 5. O-O Be7 6. Re1 b5 7. Bb3 O-O 8. c3
d6 9. h3 Na5 10. Bc2 c5 11. d4 Qc7 12. d5 c4 13. a4 Bd7 14. axb5 axb5 15. Be3
Nb3 16. Rxa8 Rxa8 17. Bxb3 cxb3 18. Qxb3 Nxe4 19. Na3 Nc5 20. Qc2 f6 21. Nd2 f5
22. Nb3 Na4 23. f4 e4 24. Nd4 b4 25. Nb1 bxc3 26. bxc3 g6 27. Rc1 Nc5 28. Nd2
Nd3 29. Rb1 Ba4 30. Qa2 Qxc3 31. Ne2 Qc8 32. Ra1 Bf6 33. Nd4 Qc3 34. N2b3 Nb4
35. Qf2 Nxd5 36. Bd2 Qc4 37. Rc1 Qd3 38. Ra1 e3 39. Qf3 Bxd4 40. Qxd5+ Kg7 41.
Nxd4 exd2 42. Ne6+ 1-0

[Event "AUTO-MASTER-3257"]
[Site "http://www.queenalice.com/game.php?id=1854030"]
[Date "2025.3.16"]
[Round "1"]
[White "Fauquinelle"]
[Black "JailtonMaster"]
[Result "0-1"]
[WhiteElo "1978"]
[BlackElo "2123"]

1. d4 d5 2. c4 c6 3. b3 e6 4. Nf3 Nf6 5. Bg5 Be7 6. cxd5 exd5 7. e3 O-O 8. Be2
Bf5 9. O-O Bxb1 10. Rxb1 Qa5 11. Qc2 h6 12. Bxf6 Bxf6 13. b4 Qc7 14. a4 a6 15.
a5 Nd7 16. Bd3 Rfe8 17. Rfe1 Re7 18. Re2 Rae8 19. Rbe1 Nf8 20. e4 dxe4 21. Rxe4
Ne6 22. Qc3 Rd8 23. Bc4 Rde8 24. Bxe6 fxe6 25. Qc5 Qd7 26. Ne5 Qd5 27. Ng6 Rd7
28. Nf4 Qxc5 29. dxc5 e5 30. Ng6 Rd5 31. f4 Kf7 32. Nxe5+ Bxe5 33. fxe5 Ke6 34.
g4 Red8 35. Kg2 Rd4 36. h4 R8d5 37. Kf3 Rxe4 38. Rxe4 Rxe5 39. Kf4 Rxe4+ 40.
Kxe4 g6 41. g5 h5 42. Ke3 Ke5 43. Kf3 Kf5 44. Kg3 Ke4 45. Kh3 Kf4 0-1

[Event "AUTO-MASTER-3257"]
[Site "http://www.queenalice.com/game.php?id=1854039"]
[Date "2025.3.16"]
[Round "1"]
[White "Tonto"]
[Black "Fauquinelle"]
[Result "1-0"]
[WhiteElo "2006"]
[BlackElo "1993"]

1. e4 e5 2. Nf3 Nc6 3. Be2 Nf6 4. d3 d5 5. exd5 Nxd5 6. O-O Bd6 7. Bg5 f6 8. Bh4
Nf4 9. Nc3 Nxe2+ 10. Qxe2 Bg4 11. Ne4 Nd4 12. Qd1 Nxf3+ 13. gxf3 Bh3 14. Re1 Bb4
15. c3 Ba5 16. f4 Qd5 17. Qf3 Be6 18. Bxf6 gxf6 19. Nxf6+ Ke7 20. Nxd5+ 1-0

[Event "AUTO-MASTER-3257"]
[Site "http://www.queenalice.com/game.php?id=1854040"]
[Date "2025.3.16"]
[Round "1"]
[White "Fauquinelle"]
[Black "Tonto"]
[Result "0-1"]
[WhiteElo "1953"]
[BlackElo "1986"]

1. d4 Nc6 2. e4 e6 3. a3 Nf6 4. Bg5 Be7 5. Nf3 d5 6. exd5 Nxd5 7. Qd2 O-O 8.
Bxe7 Qxe7 9. c4 Nf6 10. Be2 b6 11. Nc3 Re8 12. O-O Bb7 13. Bd3 Rad8 14. d5 exd5
15. Rfe1 Qc5 16. Rxe8+ Rxe8 17. cxd5 Nd4 18. Nxd4 Nxd5 19. Nb3 Qd6 20. Ne4 Qe5
21. f3 Nf4 22. Bc2 h6 23. Ng3 a5 24. Be4 Bxe4 25. Nxe4 f5 26. Ng3 h5 27. Kf2 h4
28. Nxf5 Qxf5 29. Re1 Nd3+ 30. Kf1 Rxe1+ 0-1

[Event "AUTO-ADV-4853"]
[Site "http://www.queenalice.com/game.php?id=1854112"]
[Date "2025.3.17"]
[Round "1"]
[White "altair"]
[Black "Fauquinelle"]
[Result "0-1"]
[WhiteElo "1717"]
[BlackElo "1990"]

1. e4 c5 2. d3 Nc6 3. a3 e5 4. Nf3 d5 5. Nc3 d4 6. Na2 Bg4 7. h3 Be6 8. Be2 a5
9. O-O Be7 10. c3 b5 11. b4 cxb4 12. cxb4 axb4 13. axb4 Nxb4 14. Nxe5 Rxa2 15.
Rxa2 Nxa2 16. Qd2 Nc3 17. Bb2 Nxe2+ 18. Qxe2 Nf6 19. Nc6 Qb6 20. Rc1 Bc5 21. Ne5
O-O 22. f4 Bc8 23. Rb1 Be6 24. g4 Ra8 25. f5 Bc8 26. g5 Ne8 27. g6 hxg6 28. fxg6
fxg6 29. Qg2 Ra2 30. Qf3 Kh7 31. Bc1 Nc7 32. Qg3 Qf6 33. Bg5 Qe6 34. Qh4+ Kg8
35. Qg3 Bd6 36. Bf4 Qxh3 37. Qxh3 Bxh3 38. Nxg6 Rg2+ 39. Kh1 Rxg6 40. Bd2 Bd7
41. Re1 Be5 42. Ra1 Bg4 43. Rf1 Be2 44. Rf5 Bd6 45. e5 Be7 46. Ba5 Ne6 47. Bd2
Bxd3 0-1

[Event "AUTO-ADV-4853"]
[Site "http://www.queenalice.com/game.php?id=1854113"]
[Date "2025.3.17"]
[Round "1"]
[White "Fauquinelle"]
[Black "altair"]
[Result "0-1"]
[WhiteElo "1968"]
[BlackElo "1747"]

1. d4 d5 2. c4 e6 3. Nf3 h6 4. a3 Nf6 5. cxd5 exd5 6. Nc3 Be7 7. e3 a6 8. Be2
O-O 9. O-O c6 10. h3 Ne4 11. Qc2 Bf5 12. Qb3 Nd7 13. Bd3 Nd6 14. Bxf5 Nxf5 15.
Qxb7 Qc8 16. Qb3 Rb8 17. Qc2 Nf6 18. Na4 Nd7 19. Bd2 Nd6 20. b4 Nf6 21. Ne5 Nde4
22. Be1 Bd6 23. Nd3 Bc7 24. Qxc6 Bh2+ 0-1

[Event "AUTO-ADV-4853"]
[Site "http://www.queenalice.com/game.php?id=1854128"]
[Date "2025.3.17"]
[Round "1"]
[White "Fauquinelle"]
[Black "Magnaroc"]
[Result "0-1"]
[WhiteElo "1979"]
[BlackElo "1810"]

1. d4 d5 2. c4 dxc4 3. Nf3 Nf6 4. e3 Bg4 5. Bxc4 e6 6. O-O Be7 7. Nc3 O-O 8. e4
Bxf3 9. gxf3 Nc6 10. d5 exd5 11. Nxd5 Nxd5 12. Bxd5 Qd6 13. Be3 Rfd8 14. Qb3
Qg6+ 15. Kh1 Rxd5 16. exd5 Na5 17. Qc3 b6 18. Qxc7 Bd6 19. Qc3 Qh5 20. Bd4 Qxh2#
0-1

[Event "AUTO-OPEN-4537"]
[Site "http://www.queenalice.com/game.php?id=1854154"]
[Date "2025.3.18"]
[Round "2"]
[White "CCapivara"]
[Black "Fauquinelle"]
[Result "1-0"]
[WhiteElo "2208"]
[BlackElo "1973"]

1. e4 c5 2. Nf3 d6 3. d4 cxd4 4. Nxd4 Nf6 5. Nc3 a6 6. Bg5 e6 7. f4 Be7 8. Qf3
Qc7 9. O-O-O Nbd7 10. g4 b5 11. Bxf6 Nxf6 12. g5 Nd7 13. h4 f6 14. Nxe6 Qc6 15.
Nxg7+ Kf7 16. Nf5 Bf8 17. Qh5+ Ke6 18. Nd4+ 1-0

[Event "AUTO-OPEN-4537"]
[Site "http://www.queenalice.com/game.php?id=1854155"]
[Date "2025.3.18"]
[Round "2"]
[White "Fauquinelle"]
[Black "CCapivara"]
[Result "0-1"]
[WhiteElo "1943"]
[BlackElo "2247"]

1. d4 d6 2. c4 Nf6 3. Nc3 c6 4. e4 Nbd7 5. Nf3 e5 6. Be2 Be7 7. O-O O-O 8. Be3
Qc7 9. b4 a5 10. a3 axb4 11. axb4 Rxa1 12. Qxa1 h6 13. Rc1 Rd8 14. d5 c5 15.
bxc5 Nxc5 16. Nd2 Bd7 17. Nb5 Bxb5 18. cxb5 b6 19. f3 Qb7 20. Bxc5 bxc5 21. Qb2
Nh5 22. Ra1 Nf4 23. Bf1 Rb8 24. g3 Ng6 25. Ra6 Qxa6 26. bxa6 Rxb2 27. Nc4 Ra2
28. Nb6 Kf8 29. Nc8 Ke8 30. Na7 Kd7 31. Nc6 Bd8 32. Bb5 Kc8 0-1

[Event "AUTO-OPEN-4537"]
[Site "http://www.queenalice.com/game.php?id=1854162"]
[Date "2025.3.18"]
[Round "2"]
[White "askasl159"]
[Black "Fauquinelle"]
[Result "0-1"]
[WhiteElo "1901"]
[BlackElo "1956"]

1. e4 e5 2. f4 exf4 3. Nf3 g5 4. h3 Bg7 5. d4 d6 6. Bc4 Be6 7. Bxe6 fxe6 8. b3
Nf6 9. Nbd2 h6 10. Bb2 Nfd7 11. Qe2 e5 12. dxe5 Nxe5 13. O-O-O Nbd7 14. Nxe5
Nxe5 15. Nc4 Qe7 16. Nxe5 Bxe5 17. Rd3 O-O-O 18. Qg4+ Kb8 19. h4 Bxb2+ 20. Kxb2
Qxe4 21. hxg5 Qe5+ 22. c3 Qxg5 23. Qxg5 hxg5 24. Rxh8 Rxh8 25. Rd1 Rh2 26. Rd2
f3 27. Rf2 Rxg2 0-1

[Event "AUTO-OPEN-4537"]
[Site "http://www.queenalice.com/game.php?id=1854163"]
[Date "2025.3.18"]
[Round "2"]
[White "Fauquinelle"]
[Black "askasl159"]
[Result "1-0"]
[WhiteElo "1970"]
[BlackElo "1887"]

1. d4 d5 2. c4 c6 3. Nc3 g6 4. cxd5 cxd5 5. Bf4 Bg7 6. e3 Nf6 7. Bb5+ Bd7 8.
Bxb8 Rxb8 9. Nf3 O-O 10. O-O a6 11. Ba4 Bxa4 12. Nxa4 b5 13. Nc5 Rb6 14. Ne5 e6
15. b4 Qc7 16. a4 bxa4 17. Qxa4 Rfb8 18. Nxa6 Ra8 19. Nxc7 Rxa4 20. Rxa4 Ne4 21.
Nd3 Bf8 22. f3 Nd2 23. Rd1 Nb3 24. Na6 Kg7 25. Nac5 Bxc5 26. dxc5 Rb8 27. Ra3
1-0

[Event "AUTO-MASTER-3244"]
[Site "http://www.queenalice.com/game.php?id=1854816"]
[Date "2025.4.2"]
[Round "2"]
[White "arvo1938"]
[Black "Fauquinelle"]
[Result "1-0"]
[WhiteElo "2268"]
[BlackElo "2006"]

1. d4 d5 2. Nf3 c6 3. e3 Bf5 4. Bd3 Be4 5. Bxe4 dxe4 6. Nfd2 f5 7. f3 Nf6 8. c4
e6 9. O-O c5 10. Nb3 b6 11. Nc3 cxd4 12. exd4 Bb4 13. fxe4 Bxc3 14. bxc3 Nxe4
15. Qf3 Nd7 16. Ba3 Ndf6 17. d5 Qc7 18. dxe6 Qxc4 19. Qxf5 Qxc3 20. Qb5+ Kd8 21.
Rad1+ 1-0

[Event "AUTO-ADV-4856"]
[Site "http://www.queenalice.com/game.php?id=1854856"]
[Date "2025.4.2"]
[Round "1"]
[White "Fauquinelle"]
[Black "EdsonEstevam"]
[Result "1-0"]
[WhiteElo "1980"]
[BlackElo "1750"]

1. e4 e5 2. Nf3 Nc6 3. Bb5 Nge7 4. Nc3 g6 5. d4 Nxd4 6. Nxd4 exd4 7. Qxd4 a6 8.
Qxh8 axb5 9. Nxb5 d5 10. Bf4 Kd7 11. Qxh7 c6 12. Nd6 dxe4 13. Nxf7 Qa5+ 14. Bd2
Qe5 15. Nxe5+ 1-0

[Event "AUTO-OPEN-4585"]
[Site "http://www.queenalice.com/game.php?id=1854891"]
[Date "2025.4.2"]
[Round "1"]
[White "Fauquinelle"]
[Black "Canaye14"]
[Result "1-0"]
[WhiteElo "1976"]
[BlackElo "1915"]

1. c4 e6 2. g3 d5 3. Bg2 c5 4. cxd5 exd5 5. b3 Nc6 6. Nf3 Nf6 7. d4 Qb6 8. e3
cxd4 9. exd4 Bg4 10. Be3 Bb4+ 11. Nbd2 O-O 12. O-O Rfe8 13. Qc2 Rac8 14. Qd3 h6
15. Ne5 Be6 16. Ndf3 Bd6 17. Rfc1 Nb4 18. Qd2 Ne4 19. Qb2 a5 20. a4 Nd3 21. Nxd3
Bf5 22. Bf1 Nxg3 23. hxg3 Rxc1 24. Rxc1 Qc7 25. Rxc7 Bxc7 26. Nh4 Be4 27. Nc5 b6
28. Nxe4 Rxe4 29. Kh2 g5 30. Nf5 1-0

[Event "AUTO-OPEN-4585"]
[Site "http://www.queenalice.com/game.php?id=1854892"]
[Date "2025.4.2"]
[Round "1"]
[White "Canaye14"]
[Black "Fauquinelle"]
[Result "1/2-1/2"]
[WhiteElo "1922"]
[BlackElo "2000"]

1. d4 d5 2. Bf4 Nf6 3. Nf3 e6 4. e3 c5 5. Bb5+ Bd7 6. Bxd7+ Nbxd7 7. c3 h6 8.
Nbd2 Nh5 9. Bg3 Nxg3 10. hxg3 c4 11. e4 Nb6 12. e5 f6 13. Qc2 f5 14. O-O-O Qd7
15. g4 g6 16. gxf5 gxf5 17. Rh5 Bg7 18. Rdh1 O-O-O 19. Nb1 a6 20. Nfd2 Rdg8 21.
g3 Bf8 22. Nf3 Kb8 23. Nbd2 Nc8 24. Nf1 Ne7 25. Ne3 Ka7 26. Ng2 f4 27. Nxf4 Nf5
28. Rxf5 exf5 29. e6 Qg7 30. Nxd5 Bd6 31. Qxf5 Rf8 32. Qe4 Re8 33. Ne3 b5 34. d5
Bc5 35. Nf5 Qg6 36. N3d4 Bxd4 37. Qxd4+ Ka8 38. Nd6 Rd8 39. Qb6 Qg5+ 40. Kb1
Qxd5 41. Qxa6+ Kb8 42. Qb6+ Ka8 43. Qa6+ 1/2-1/2